1891 1605 1192 1902 1759 1740 1881 1384 1470 1339 1973 1420 1604 1259 1190 1828 1514 1937 1366 1241 1654 1270 1761 1712 1862 1391 1555 1790 1596 1063 1767 1869 1323 1987 1643 1814 1209 1831 1739 1201 1593 1434 1403 1308 1272 1786 1262 1319 1459 1275 1534 1397 1173 1714 1771 1512 1507 1513 1169 1909 1192 1480 1349 1039 1106 1909 1404 1383 1534 1489 1012 1670 1948 1429 1003 1559 1031 1651 1839 1188 1005 1585 1402 1987 1065 1242 1477 1597 1094 1541 1363 1294 1138 1776 1635 1923 1059 1049 1476 BCNSPRNW ULIB Ver.6.0+V

เปลี่ยนเป็นภาษาไทย

Change to English
 แสดงรายละเอียดบรรณานุกรม
  กลับหน้าหลัก

Brief Record : Get Marc (ISO 2709) : E-mail record : QR code < ปิดหน้าต่าง
LEADER : 00000nam 2200000uu 4500
001    13399121967
003     ULIB
008    121217s2551||||th 000 0 tha d
020    ^a9789740599807
099    ^aนว.ล125S
100    ^aลมหนาวเดือนธันวา
245    ^aปาฏิหาริย์หัวใจใต้ดวงดาว^cลมหนาวเดือนธันวา
260    ^aกรุงเทพฯ :^bสถาพรบุ๊คส์,^c2551
300    ^a382 หน้า
945    ^p240^l0^i023599
995    ^aวิภา
999    ^aใช้งานได้ทุกระบบ
รายการนี้ยังไม่มีแท็ก
คุณยังไม่ได้ล็อกอิน คุณสามารถมีกิจกรรมร่วมกับเว็บไซต์ได้ แต่ต้องล็อกอินก่อน ::
  ล็อกอิน

รายการสื่อสารสนเทศ

ลำดับที่ ประเภท เลขเรียก/บาร์โค้ด สถานที่ สถานะ
1. วิทยาศาสตร์การแพทย์ และสุขภาพ
วิทยาศาสตร์การแพทย์ และสุขภาพ
นว.ล125S  
  Barcode: 023599
ห้องสมุดวิทยาเขตสวรรค์ประชารักษ์
►นวนิยาย
บนชั้น
  ขอยืม

BibComment


ยังไม่เคยถูกคอมเมนท์

คอมเมนท์ทรัพยากรรายการนี้
  คอมเมนท์: ปาฏิหาริย์หัวใจใ..


 Copyright 2026. Bcnsprnw @Library